000 00282nam a22001217a 4500
008 170131b xxu||||| |||| 00| 0 eng d
041 _aeng
080 _221ST
_a61
100 _a3
101 _aSHM
245 _aTHE AMERICAN ILLUSTRATED MEDICAL DICTIONARY
_cDORLAND
942 _2udc
_cBK
999 _c4131
_d4131